Stati degli Stati Uniti per minore PIL (nominale) pro capite - Statistics

Statistiche generali
  • Questo quiz è stato fatto 9 volte
  • Il punteggio medio è 8 su 10
Statistiche sulle risposte
PIL (nominale) (milioni $) Stato federale % Corretto
59 174 Alabama
100%
57 657 Arkansas
100%
60 980 Idaho
89%
49 111 Mississippi
89%
61 691 Kentucky
78%
62 753 Montana
78%
63 390 Oklahoma
78%
60 550 Carolina del Sud
56%
62 209 Nuova Messico
56%
56 630 Virginia Occidentale
33%
Nessun quiz corrispondente trovato
Distribuzione punteggi
Percentuale di utenti per punteggio
Percentile per numero di risposta
I tuoi punteggi nel tempo
Non hai fatto questo quiz